The life of Muhammad : (Record no. 593415)
[ view plain ]
| 000 -LEADER | |
|---|---|
| fixed length control field | 01357cam a2200313 a 4500 |
| 001 - CONTROL NUMBER | |
| control field | 13098265 |
| 005 - DATE AND TIME OF LATEST TRANSACTION | |
| control field | 20230223091255.0 |
| 008 - FIXED-LENGTH DATA ELEMENTS--GENERAL INFORMATION | |
| fixed length control field | 001106r20011955pk b 001 0beng |
| 010 ## - LIBRARY OF CONGRESS CONTROL NUMBER | |
| LC control number | 2003428555 |
| 020 ## - INTERNATIONAL STANDARD BOOK NUMBER | |
| International Standard Book Number | 0196360331 |
| 035 ## - SYSTEM CONTROL NUMBER | |
| System control number | (OCoLC)ocm45680225 |
| 040 ## - CATALOGING SOURCE | |
| Original cataloging agency | CGU |
| Transcribing agency | DLC |
| Modifying agency | CGU |
| -- | OCL |
| -- | DLC |
| 041 1# - LANGUAGE CODE | |
| Language code of text/sound track or separate title | eng |
| Language code of original | ara |
| 043 ## - GEOGRAPHIC AREA CODE | |
| Geographic area code | a-su--- |
| 050 00 - LIBRARY OF CONGRESS CALL NUMBER | |
| Classification number | BP75 |
| Item number | .I2513 2001 |
| 082 00 - DEWEY DECIMAL CLASSIFICATION NUMBER | |
| Classification number | 297.63,GUI |
| 100 1# - MAIN ENTRY--PERSONAL NAME | |
| Personal name | A. Guillaume |
| Dates associated with a name | -834. |
| 9 (RLIN) | 109491 |
| 240 10 - UNIFORM TITLE | |
| Uniform title | Sirat Rasul Allah. |
| Language of a work | English |
| 245 14 - TITLE STATEMENT | |
| Title | The life of Muhammad : |
| Remainder of title | a translation of Ishaq's Sirat Rasul Allah / |
| Statement of responsibility, etc. | with introduction and notes by A. Guillaume. |
| 260 ## - PUBLICATION, DISTRIBUTION, ETC. | |
| Place of publication, distribution, etc. | Karachi ; |
| -- | New York : |
| Name of publisher, distributor, etc. | Oxford University Press, |
| Date of publication, distribution, etc. | 2001. |
| 300 ## - PHYSICAL DESCRIPTION | |
| Extent | xlvii, 813 ; |
| Dimensions | 23 cm. |
| 505 ## - FORMATTED CONTENTS NOTE | |
| Formatted contents note | Part.I The Genealogy of Muhammad: Traditions from the Per-Islamic ERA Muhammad's Childhood and Early Manhood (Page-3), Part.II Muhammad's Call and Preaching in Mecca (Page-109), Part.III Muhammad's Migration to Medina his Wars, Triumph and Death (Page-219). |
| 600 00 - SUBJECT ADDED ENTRY--PERSONAL NAME | |
| Personal name | Muḥammad, |
| Titles and other words associated with a name | Prophet, |
| Dates associated with a name | -632. |
| 9 (RLIN) | 6565 |
| 650 #0 - SUBJECT ADDED ENTRY--TOPICAL TERM | |
| Topical term or geographic name entry element | Muslims |
| Geographic subdivision | Saudi Arabia |
| Form subdivision | Biography. |
| 9 (RLIN) | 6566 |
| 700 1# - ADDED ENTRY--PERSONAL NAME | |
| Personal name | Ibn Isḥāq, Muḥammad, |
| Dates associated with a name | -approximately 768. |
| 9 (RLIN) | 109492 |
| 700 1# - ADDED ENTRY--PERSONAL NAME | |
| Personal name | Guillaume, Alfred, |
| Dates associated with a name | 1888- |
| 9 (RLIN) | 109493 |
| 856 42 - ELECTRONIC LOCATION AND ACCESS | |
| Materials specified | Publisher description |
| Uniform Resource Identifier | <a href="http://www.loc.gov/catdir/enhancements/fy0616/2003428555-d.html">http://www.loc.gov/catdir/enhancements/fy0616/2003428555-d.html</a> |
| 942 ## - ADDED ENTRY ELEMENTS (KOHA) | |
| Source of classification or shelving scheme | |
| Koha item type | Book |
| Withdrawn status | Lost status | Source of classification or shelving scheme | Damaged status | Not for loan | Permanent Location | Current Location | Shelving location | Date acquired | Shelving control number | Full call number | Barcode | Date last seen | Price effective from | Koha item type | Public note | Total Checkouts |
|---|---|---|---|---|---|---|---|---|---|---|---|---|---|---|---|---|
| Military College of Signals (MCS) | Military College of Signals (MCS) | General Stacks | 02/22/2023 | Islamic Books | 297.63,GUI | MCS28565 | 02/22/2023 | 02/22/2023 | Book | Almirah No.47, Shelf No.5 | ||||||
| Military College of Signals (MCS) | Military College of Signals (MCS) | General Stacks | 02/27/2023 | Islamic Books | 297.63,GUI | MCS5675 | 02/27/2023 | 02/27/2023 | Book | Almirah No.73, Shelf No.2 |
